000 00526nam a2200181Ia 4500
008 090123s9999 xx 000 0 und d
082 _b15774
_a891.463/आठ
100 _aआठल्ये अनिल
245 _aबाहुलं
250 _a1
260 _bगुलमोहर पब्लिकेशन
_c1984
300 _a203
600 _aआठल्ये अनिल
630 _aबाहुलं
700 _aआठल्ये अनिल
730 _aबाहुलं
942 _cBOOK
999 _c53831
_d53831